[Event "Harrogate 4NCL op-C 31st"]
[Site "Harrogate"]
[Date "2024.01.21"]
[Round "4"]
[White "Pitel, Dominik"]
[Black "Shortt, John"]
[Result "1-0"]
[WhiteElo "1518"]
[BlackElo "1398"]
[PlyCount "21"]
[EventDate "2024.01.19"]
[EventType "swiss"]
[EventRounds "5"]
[EventCountry "ENG"]
[SourceTitle "EXT 2025"]
[Source "ChessBase"]
[SourceDate "2024.10.14"]
[SourceVersion "1"]
[SourceVersionDate "2024.10.14"]
[SourceQuality "1"]

1. d4 g6 2. e4 Bg7 3. Nf3 d6 4. Bf4 Nf6 5. Nc3 0-0 6. Qd2 Nbd7 7. 0-0-0 c6 8. e5 Ne8 9. Ng5 f6 10. Ne6 Qb6 11. Na4 1-0

[Event "Harrogate 4NCL op-C 31st"]
[Site "Harrogate"]
[Date "2024.01.19"]
[Round "1"]
[White "Shortt, John"]
[Black "Neil, Graham"]
[Result "0-1"]
[WhiteElo "1398"]
[BlackElo "1619"]
[PlyCount "106"]
[EventDate "2024.01.19"]
[EventType "swiss"]
[EventRounds "5"]
[EventCountry "ENG"]
[SourceTitle "EXT 2025"]
[Source "ChessBase"]
[SourceDate "2024.10.14"]
[SourceVersion "1"]
[SourceVersionDate "2024.10.14"]
[SourceQuality "1"]

1. b4 Nf6 2. Bb2 e6 3. b5 d5 4. e3 Bd6 5. Nf3 0-0 6. c4 c6 7. a4 Nbd7 8. Be2 Qc7 9. Ba3 Re8 10. Bxd6 Qxd6 11. 0-0 Ne5 12. Nxe5 Qxe5 13. d4 Qc7 14. Nd2 dxc4 15. bxc6 Qxc6 16. Bxc4 Rd8 17. Bb5 Qd6 18. Nc4 Qe7 19. Ne5 Nd7 20. Bxd7 Bxd7 21. Qf3 f6 22. Nd3 Bc6 23. Qg3 Rd5 24. f4 Ra5 25. Nb2 Qd7 26. Rfb1 Rc8 27. Qe1 Qd5 28. Qd2 Qe4 29. Nc4 Rd5 30. Na5 Rxa5 31. Rf1 Rxa4 32. Rxa4 Bxa4 33. Rf2 Bb5 34. Qb2 Ba6 35. h3 Qxe3 36. Kh2 Rc3 37. Rf3 Qxd4 38. Qxc3 Qd7 39. Rf2 Bb5 40. Rd2 Qc6 41. Qd4 Kf7 42. Qa1 a6 43. Qb2 Qc4 44. Rd4 Qc5 45. Qd2 Bc6 46. h4 e5 47. fxe5 Qxe5+ 48. g3 Qf5 49. Rf4 Qb1 50. Kh3 h5 51. Rf2 Qh1+ 52. Rh2 Qf3 53. Qe2 Bd7+ 0-1